000 00297pab a2200121 454500
008 180718b xxu||||| |||| 00| 0 eng d
100 _aSud, Surender
245 _aMismanagement of food economy
650 _a Food
650 _aPublic Distribution System
773 _aTimes of India
909 _a21881
999 _c21881
_d21881